00277 a2200133 4500001000700000020002200007040001100029100002000040240003200060245002700092300000700119362000900126440000800135183140 a978-85-20-00322-0 cMagnum aDansa, Lecticia10aO segredo da lagartixalpor10aO segredo da lagartixa a320 a2015 1aFTD